000 00819nam a22002297a 4500
003 UA-OsUOA
001 47776
007 ta
008 20120914b un ||||| |||| 00| 0 ukr d
090 _a82-94
_bЗ-42
942 _cBK
040 _aUA-OsUOA
_bukr
_cUA-OsUOA
_dUA-OsUOA
245 _aЗв'язкова генерала Галина Дидик "...На жаль, і я жива..."
_bспомини Галини Дидик - зв'зкової Романа Шухевича
300 _a261 с.
955 _a3
041 _aukr
080 _a82-94
260 _aГадячв
_bВ-во "Гадяч"
_c2007
650 7 _a82 Література. Літературознавство
_2UDC
999 _c427877
_d427877